000 00538nam a2200217Ia 4500
003 OSt
005 20220928144545.0
006 a|||||r|||| 00| 0
007 ta
008 220927b |||||||| |||| 00| 0 eng d
024 _a71821
037 _cTextual
040 _aSDCL
_cSDCL
_beng
041 _2eng
_aeng
082 _aO13,2C47,2, L7
100 _aAeschylus
_9398229
245 0 _aOresteia. Tr. by Robert Fagles.
260 _c1977
942 _hO13,2C47,2, L7
_cTEXL
_2CC
999 _c827945
_d827945